000 00464nam a2200181Ia 4500
001 900
005 20260306140552.0
008 260306t2017||||xx |||||||||||||| ||spa||
041 _aESP
082 _a172.2
_bM43
100 _aMerino Amand, Francisco
_eAUT
245 0 _aÉtica en la función pública:
_bde la indiferencia al reconocimiento
260 _c2017
300 _a293 páginas :
_c24 cm.
650 _aGEN
654 _aCHU
942 _cLIB
_dJUS
_fJUS
_2ddc
_n
999 _c900
_d900